| 000 | 01338naa a22004097a 4500 | ||
|---|---|---|---|
| 001 | BR7703111 | ||
| 003 | BR-BrBNA | ||
| 005 | 20240918173957.0 | ||
| 007 | ta | ||
| 008 | 230509b bl.||||| |||| 00| 0 por d | ||
| 040 |
_aBR-BrBNA _bpor _cBiblioteca Nacional de Agricultura |
||
| 041 | _a(Pt) | ||
| 072 |
_aM00; Q10; E70 _b8100 _bG514 |
||
| 090 | _aM00 BR7703111 | ||
| 100 | 1 | _aMorales, F.M. | |
| 100 | 1 | _aNunes, P.C.M. | |
| 100 | 1 | _aAmado, A.L. | |
| 100 | 1 | _aMachado, J.C. | |
| 100 | 1 | _aSouza, R.R. de | |
| 100 | 1 | _aLeite, L.W.N. | |
| 111 | 1 |
_a2. Seminario Nacional de Armazenagem _cBrasilia, DF (Brazil) _d25 Oct 1976 |
|
| 245 | 1 | _aInfra - estrutura frigorifica para a comercializacao e distribuicao de pescado [Brasil] | |
| 260 | 3 |
_aBrasilia, DF (Brasil): _c1977. |
|
| 500 | _aAnais do 2. Seminario Nacional de Armazenagem Brasilia, DF (Brasil): 1977. v. 3 p. 397-437 (BR7703111-AM)M00 | ||
| 650 | _aPesca | ||
| 650 | _aTecnologia de alimento | ||
| 650 | _aComercializacao | ||
| 650 | _aPeixe | ||
| 650 | _aCongelamento | ||
| 650 | _aEstoque | ||
| 650 | _aImportacao | ||
| 650 | _aExportacao | ||
| 650 | _aMercado | ||
| 773 | 0 |
_tAnais do 2. Seminario Nacional de Armazenagem _wM00 BR7703111 _gBrasilia, DF (Brasil), 1977. v. 3 p. 397-437 |
|
| 909 |
_a202404 _bLucia _c55 _dLucia Elande |
||
| 942 |
_cAM _2AGRIS |
||
| 999 |
_c308082 _d308082 |
||